| 000 | 01361nam a2200289 a 4500 | ||
|---|---|---|---|
| 001 | 76502 | ||
| 003 | BD-RjUL | ||
| 005 | 20211209082843.0 | ||
| 008 | 191212m19721970ii ||||| |||| 001 0dben d | ||
| 020 | _c: IRs. 100.00 (V-1) | ||
| 020 | _c: IRs. 15.00 (V-3) | ||
| 035 | _a(BD-RjUL)76725 | ||
| 040 |
_aBD-RjUL _bben/eng _cBD-RjUL _dBD-RjUL |
||
| 041 | _aben | ||
| 082 |
_223 _a891.4408 _bISN V-1-7 1970-1972 |
||
| 100 | 1 |
_aইসলাম, কাজী নজরুল _9236392 |
|
| 245 | 1 | 0 |
_aনজরুল রচনা-সম্ভার / _cকাজী নজরুল ইসলাম ; সম্পাদনা: আবদুল আজীজ আল-আমান |
| 260 |
_aকলকাতা : _bহরফ প্রকাশনী, _c১৯৭০-১৯৭২ |
||
| 300 |
_a খন্ড : _bচিএ . ; _c২২ সেমি. |
||
| 505 | 0 | _aখন্ড১ -- খন্ড ৩ -- খন্ড ৪ -- | |
| 600 |
_aইসলাম, কাজী নজরুল, _d১৮৯৯-১৯৭৬ _xরচনাবলী _9236393 |
||
| 600 |
_aIslam,Qazi Nazrul, _d1899-1976 _xCollected Works _9236151 |
||
| 650 |
_aবাংলা সাহিত্য _xরচনাবলী _9236369 |
||
| 650 |
_aBengali literature _xCollected Works _9236370 |
||
| 700 |
_aআল-আমান, আবদুল আজীজ, সম্পাদক _9236394 |
||
| 942 |
_2ddc _cBK |
||
| 999 |
_c76502 _d76502 |
||